| 000 | 00775nam a22002417a 4500 | ||
|---|---|---|---|
| 003 | OSt | ||
| 005 | 20220924113707.0 | ||
| 006 | a|||||r|||| 00| 0 | ||
| 007 | ta | ||
| 008 | Pun | ||
| 024 | _a6756 | ||
| 037 | _cGeneral Books | ||
| 040 |
_aARTS _cARTS _bPun |
||
| 041 |
_2Pun _aPun |
||
| 082 | _aQ8441:332xJ34w, 153N3 | ||
| 100 | _aਢਿੱਲੋ੍ਵ, ਹਰਜਿੰਦਰ ਸਿੰਘ | ||
| 245 | 0 |
_aਗੁਰੂ ਰਾਮ ਦਾਸ _b ਜੀਵਨ ਤੇ ਰਚਨਾ |
|
| 260 |
_aਅੰਮ੍ਰਿਤਸਰ _b ਸਰਵਪ੍ਰੀਤ ਸਿੰਘ _c1993 |
||
| 300 | _ap. | ||
| 650 | _aਧਰਮ | ||
| 942 |
_hQ8441:332xJ34w, 153N3 _cGB _2CC |
||
| 999 |
_c390492 _d390492 |
||